000 00850nam a2200229Ia 4500
003 BUBTL
008 151213s9999 xx 000 0 und d
020 _a0415243602
082 _a325.303/ As34p/ 2000
_b
100 _aAshcroft, Bill
_94955
245 _aPost-Colonial Studies : the key concepts /
_cBill Ashcroft Gareth Griffiths and Helen Tiffin
250 _a1st Edn
260 _aNew York
_bRouttedge
_cc2000
300 _a[xi],275p. :
_b22 cm
500 _aIncludes Index
650 _aEnglish Literatur
_94956
650 _a
700 _aBill Ashcroft Gareth Griffiths and Helen Tiffin
_94957
856 _k0
_l0
_yDownload
942 _2ddc
_cBK
999 _c4876
_d4876